| 000 | 00761nam a22002177a 4500 | ||
|---|---|---|---|
| 999 |
_c13712 _d13712 |
||
| 003 | AR-CdUCM | ||
| 008 | 190416b ||||| |||| 00| 0 spa d | ||
| 040 |
_aMUNICIPALIDAD PROVINCIAL DEL CUSCO _cBIBLIOTECA MUNICIPAL DEL CUSCO |
||
| 082 |
_a985.632 / _bA94 / 1966 |
||
| 100 |
_aAucahuasi Dongo, Ruben Dino _932213 |
||
| 245 | _aMonografía de la provincia de Aymarás (Dpto. de Apurimac) / | ||
| 260 |
_aLima : _bBarred Impresores, _c1966. |
||
| 300 |
_a119 páginas ; _bIlustraciones, _c21 cm. |
||
| 505 | _aContenido: Aspecto histórico -- Aspecto físico -- Aspecto económico. | ||
| 650 |
_aAymaraes _932214 |
||
| 650 |
_aHistórico _927608 |
||
| 650 |
_aEconómico _918840 |
||
| 650 |
_aSocial _92020 |
||
| 942 |
_2ddc _cLIBROS |
||
| 945 |
_aacv _d2019-04-16 |
||